000 00545nam a2200193Ia 4500
003 GCL
008 140319s9999 xx 000 0 ara d
040 _aGCL /
_cGCL
082 0 4 _a813.085
_bم ق
245 1 0 _aالحب الخالد قيس وليلى
260 _a[S.N] :
_bالمكتبة الثقافية ،
_c1989
300 _a142 ص
490 _a
650 0 4 _aالشعر العربى
650 0 4 _aالقصص العاطفية
650 0 4 _aدواوين وقصائد
650 0 4 _aالقصص الرومانسية
942 _2ddc
_cBK
999 _c54560
_d54560